Statistics for 常用漢字外のみの日本の駅名

Click here to take the quiz!

General Stats

  • This quiz has been taken 130 times
  • The average score is 10 of 44

Answer Stats

会社都道府県答え% Correct
JR埼玉
60%
JR/地下鉄東京荻窪
37%
地下鉄京都醍醐
37%
JR/私鉄千葉
37%
JR秋田醍醐
37%
私鉄福井
36%
JR徳島
34%
地下鉄京都椥辻
33%
JR千葉
29%
JR大阪
29%
JR高知
29%
JR岐阜
28%
私鉄長野
28%
JR徳島
25%
三セク鳥取
24%
JR鹿児島頴娃
24%
JR新潟
23%
JR山口
23%
JR長野
23%
JR青森
22%
JR兵庫
21%
私鉄徳島宍喰
21%
三セク福島
21%
JR兵庫
20%
私鉄大阪
19%
JR長野
16%
JR滋賀蓬萊
16%
三セク福岡
16%
JR徳島鮎喰
16%
地下鉄東京辰巳
16%
私鉄京都
16%
JR三重阿漕
16%
JR和歌山椿
15%
私鉄東京鮫洲
15%
JR熊本阿蘇
14%
私鉄京都
13%
私鉄大阪
12%
三セク岐阜揖斐
12%
JR埼玉笠幡
11%
私鉄三重
10%
三セク岩手甫嶺
10%
JR宮城逢隈
7%
JR福岡篠栗
6%
JR山口玖珂
6%

Score Distribution

Percentile by Number Answered

Percent of People with Each Score

Your Score History

You have not taken this quiz